| 000 | 00678nam a2200217Ii 4500 | ||
|---|---|---|---|
| 003 | JO-AjNU | ||
| 008 | 230605s9999||||xx |||||||||||||| ||und|| | ||
| 017 | _a2006/4/743 | ||
| 040 |
_aJO-AjNU _bara _erda _cJO-AjNU |
||
| 041 | _aara | ||
| 050 | 1 | 4 | _aLB1167.L67 1995 |
| 100 | 3 |
_aفارس،عصام, _eauthor _911846 |
|
| 245 | 0 | 0 | _aرياض الأطفال(التنشئة، الإدارة،الأنشطة) |
| 250 | _aط1 | ||
| 264 | 3 | 1 | _aعمان:دار أسامة،2006 |
| 300 | _a176ص | ||
| 336 |
_atext _btxt _2rdacontent |
||
| 337 |
_aunmediated _bn _2rdamedia |
||
| 338 |
_avolume _bnc _2rdacarrier |
||
| 650 | 4 |
_aرياض الأطفال-تعليم الأطفال _911847 |
|
| 999 |
_aA2533 _c6101 _d6101 |
||